000 00526nam a22001937a 4500
003 KOHA_MİRAKIL
005 20251024153005.0
008 251024b tu ||||| |||| 00| 0 tur d
020 _a9786053422792
040 _aTR-AnABB
_btur
_cTR-AnABB
041 _atur
082 _a813.42
_bAKE 2016
100 1 _aAkengin, Yahya,
245 1 0 _aKarınca düşü /
_cYahya Akengin
260 _aAnkara :
_bAkçağ Yayınları,
_c2016
300 _a152 sayfa ;
_c21 cm
650 0 4 _aTürk edebiyatı, roman
942 _2ddc
_cBK
999 _c9208
_d9208
900 _bGizem YORULMAZ